| 000 | 00638nam a22002177a 4500 | ||
|---|---|---|---|
| 003 | UA-OsUOA | ||
| 001 | 73863 | ||
| 007 | ta | ||
| 008 | 20110318b un ||||| |||| 00| 0 ukr d | ||
| 090 |
_a908(477.81)(091):378 _bІ-90 |
||
| 942 | _cBK | ||
| 040 |
_aUA-OsUOA _bukr _cUA-OsUOA _dUA-OsUOA |
||
| 245 |
_aІсторія Острозької академії ХVI - XVII ст. _bНавч. посіб. _cЗа ред. Яремчука В. |
||
| 300 | _a60 с. | ||
| 955 | _a2 | ||
| 041 | _aukr | ||
| 080 | _a908(477.81)(091):378 | ||
| 260 |
_aОстрог _bНаУОА _c2010 |
||
| 650 | 7 |
_a908 Краєзнавство _2UDC |
|
| 999 |
_c360146 _d360146 |
||